[Event "Vancouver Open"]
[Site "Vancouver, WA"]
[Date "2015.08.22"]
[Round "1"]
[White "Tang Philip  (WA)"]
[Black "Varner Murlin  (WA)"]
[Result "0-1"]
[WhiteElo "669"]
[BlackElo "1624"]
[Annotator ""]
[Source ""]
[Remark "Reserve"]

1.e4 e6 2.d4 d5 3.Nc3 Bb4 4.Nge2 Nf6 5.a3 Bxc3+ 6.Nxc3 dxe4
( 6...Nxe4 ) 7.Bg5 h6 8.Bxf6 Qxf6 9.Nxe4 Qg6 10.f3 O-O 11.Qd2
Nc6 12.O-O-O Rd8 13.Qe3 e5 14.d5 Nd4 15.Rg1 f5 16.Nc3 f4 17.Qxe5
Qxc2# 0-1

[Event "Vancouver Open"]
[Site "Vancouver, WA"]
[Date "2015.08.22"]
[Round "2"]
[White "Varner Murlin  (WA)"]
[Black "Acken John  (WA)"]
[Result "0-1"]
[WhiteElo "1624"]
[BlackElo "1762"]
[Annotator ""]
[Source ""]
[Remark "Reserve"]

1.c4 e6 2.Nc3 Nf6 3.g3 Be7 4.Bg2 Nc6 5.Nf3 O-O 6.O-O d5 7.cxd5
exd5 8.d4 h6 9.Ne5 Bf5 10.Bf4 Nb4 11.a3 Na6 12.Qb3 c5 13.Nxd5
cxd4 14.Nxf6+ ( 14.Nxe7+ ) Bxf6 15.Bxb7 {?} ( 15.Qxb7 Nc5 16.Qxa8
Qxa8 17.Bxa8 Rxa8 ) Nc5 16.Qd5 Nxb7 17.Qxb7 Rb8 18.Qxa7
( 18.Qf3 ) Rxb2 19.Nc6 Qd5 20.Ne7+ Bxe7 21.Qxe7 Bh3 22.f3 Bxf1
23.Rxf1 Rb7 24.e4 dxe3 25.Qxe3 Rb3 26.Qe2 Rd8 27.a4 Qd4+ 28.Rf2
Qxa4 29.Kg2 Re8 30.Qd1 Qb5 31.Rd2 Rb1 32.Rd5 Rb2+ 33.Kh3 Qb6
34.Rd6 Qf2 35.Rd2 Rxd2 36.Bxd2 Rd8 ( 36...Re2 ) 37.Be3 Rxd1 38.Bxf2
f6 39.g4 Kf7 40.Kg3 Ke6 41.h4 Rd3 42.Bc5 Rd8 43.h5 Rc8 44.Bd4
Kd5 45.Be3 Kc4 46.f4 Kd3 47.Kf3 Rc6 48.g5 Re6 49.Bc1 Re1 50.Ba3
( 50.Bb2 ) fxg5 51.fxg5 hxg5 52.Bf8 Rf1+ 0-1

[Event "Vancouver Open"]
[Site "Vancouver, WA"]
[Date "2015.08.22"]
[Round "3"]
[White "Chandrasekar Siddharth  (WA)"]
[Black "Varner Murlin  (WA)"]
[Result "1-0"]
[WhiteElo "1297"]
[BlackElo "1624"]
[Annotator ""]
[Source ""]
[Remark "Reserve"]

1.e4 e6 2.Nf3 b6 3.Nc3 Bb7 4.Be2 Ne7 5.O-O d5 6.exd5 Nxd5 7.Nxd5
Qxd5 8.c3 Nd7 9.d4 O-O-O 10.Be3 Bd6 11.c4 Qh5 12.h3 Qg6 13.Qd3
f5 14.d5 Ne5 15.Nxe5 Bxe5 16.Qa3 Kb8 17.Rfd1 exd5 18.cxd5 Bxd5
19.Rxd5 Rxd5 20.Bf3 Rd7 21.Rc1 f4 22.Qa6 c5 23.Bxc5 bxc5
( 23...Rc7 ) 24.Qb5+ Kc8 25.Rxc5+ Bc7 26.Qb7+ Kd8 27.Qa8+ Ke7
28.Qxh8 Rd8 {????} ( 28...Bb6 ) 29.Rxc7+ 1-0

[Event "Vancouver Open"]
[Site "Vancouver, WA"]
[Date "2015.08.22"]
[Round "1"]
[White "Bjorksten Lennart  (OR)"]
[Black "Patel Kian  (OR)"]
[Result "1-0"]
[WhiteElo "2185"]
[BlackElo "1783"]
[Annotator ""]
[Source ""]
[Remark "Open"]

1.d4 Nf6 2.c4 g6 3.Nc3 Bg7 4.e4 d6 5.h3 O-O 6.Be3 e5 7.d5 a5
8.Bd3 Na6 9.Nge2 Nh5 10.g4 Nf4 11.Nxf4 exf4 12.Bxf4 f5 13.gxf5
gxf5 14.Qh5 Nc5 15.O-O-O Bxc3 16.bxc3 Qf6 17.Rhg1+ Kh8 18.e5
dxe5 19.Bh6 Rf7 20.Bg7+ 1-0

[Event "Vancouver Open"]
[Site "Vancouver, WA"]
[Date "2015.08.22"]
[Round "2"]
[White "Hansen James  (OR)"]
[Black "Leslie Reg  (OR)"]
[Result "1-0"]
[WhiteElo "1427"]
[BlackElo "1232"]
[Annotator ""]
[Source ""]
[Remark "Reserve"]

1.e4 e5 2.Nf3 Nc6 3.d4 exd4 4.Bc4 d6 5.O-O Be6 6.Bxe6 fxe6 7.Nxd4
Nxd4 8.Qxd4 e5 9.Qb4 Qc8 10.Nc3 Nf6 11.Bg5 Be7 12.Qb3 b5 13.f4
h6 14.Bxf6 Bxf6 15.fxe5 dxe5 16.Nd5 Rf8 17.Rf3 c6 18.Nxf6+ gxf6
19.Raf1 Qd8 20.Qe6+ Qe7 21.Qxc6+ Kf7 22.Rxf6+ Kg7 23.Rg6+ Kh7
24.Rxh6+ Kg7 25.Qg6# 1-0

[Event "Vancouver Open"]
[Site "Vancouver, WA"]
[Date "2015.08.22"]
[Round "1"]
[White "Moore Michael  (OR)"]
[Black "Heywood Bill  (OR)"]
[Result "0-1"]
[WhiteElo "1568"]
[BlackElo "2000"]
[Annotator ""]
[Source ""]
[Remark "Open"]

1.Nf3 Nf6 2.g3 d6 3.Bg2 e5 4.d3 Be7 5.e4 Nbd7 6.O-O c6 7.Nh4
Nf8 8.Nf5 Bxf5 9.exf5 N8d7 10.f4 Qc7 11.Qe2 O-O-O 12.a4 d5 13.fxe5
Qxe5 14.Qxe5 Nxe5 15.Re1 Bc5+ 16.Kh1 Neg4 17.h3 Rde8 18.Rxe8+
Rxe8 19.Bd2 Ne3 20.Bxe3 Rxe3 21.Kh2 Re1 22.Bf3 Nd7 23.c3 Ne5 0-1

[Event "Vancouver Open"]
[Site "Vancouver, WA"]
[Date "2015.08.22"]
[Round "1"]
[White "Hartley Alan  (OR)"]
[Black "Deng Samuel  (WA)"]
[Result "1-0"]
[WhiteElo "1850"]
[BlackElo "1613"]
[Annotator ""]
[Source ""]
[Remark "Open"]

1.Nf3 d5 2.d4 Nf6 3.c4 c6 4.Nc3 dxc4 5.a4 Bf5 6.Ne5 e6 7.f3 Nbd7
8.e4 Bg6 9.Nxc4 Nb6 10.Ne5 Bd6 11.a5 Nbd7 12.Nxg6 hxg6 13.e5
Nxe5 14.dxe5 Bxe5 15.Qxd8+ Rxd8 16.f4 Bc7 17.g3 Ng4 18.h3 Nh6
19.g4 Nxg4 20.Bg2 Nf6 21.a6 Nd5 22.axb7 Bb6 23.Ra4 Rb8 24.Rc4
Kd7 25.Na4 Rxb7 26.Nc5+ Bxc5 27.Rxc5 Rb5 28.Rxb5 cxb5 29.Bd2
Rc8 30.Kd1 Kd6 31.Rf1 Rc4 32.Rf3 b4 33.Bf1 Rc7 34.Bd3 a5 35.Bc2
Ra7 36.Rd3 Ke7 37.Bb3 Nb6 38.Be3 Rb7 39.Bc5+ Ke8 40.Rd6 Rd7 41.Rxd7
Nxd7 42.Ba4 Kd8 43.Bd4 Nb8 44.Bb6+ Ke7 45.Bxa5 Kf6 46.Bb5 1-0

[Event "Vancouver Open"]
[Site "Vancouver, WA"]
[Date "2015.08.22"]
[Round "1"]
[White "Hendricks David  (WA)"]
[Black "Richards Jerrold  (WA)"]
[Result "1-0"]
[WhiteElo "1672"]
[BlackElo "1397"]
[Annotator ""]
[Source ""]
[Remark "Reserve"]

1.d4 d5 2.Bf4 Nf6 3.e3 g6 4.Nf3 Bg7 5.c4 O-O 6.Nc3 c6 7.Rc1 Na6
8.cxd5 Nxd5 9.Nxd5 Qxd5 10.Bc4 Qa5+ 11.Nd2 b5 12.Bb3 Nb4 13.Qe2
Bf5 14.e4 Bd7 15.a3 Na6 16.Qe3 Qb6 17.Nf3 Qa5+ 18.Ke2 c5 19.Bh6
cxd4 20.Nxd4 b4 21.Bxg7 Kxg7 22.a4 Bxa4 {?} 23.Bxa4 Qxa4 24.Ra1
Qd7 25.Rxa6 e5 26.Nc6 Qb7 27.Rha1 Rfc8 28.Qc5 Qc7 29.Qxb4 Qd7
30.Nxe5 Rc2+ 31.Ke3 Qc7 32.Qd4 Rd8 33.Nd7+ Kh6 34.Rxa7 Qxh2 35.Qf6
Qxg2 36.Qh4+ Kg7 37.Rh1 h5 38.Ne5 Rxb2 39.Rxf7+ 1-0

[Event "Vancouver Open"]
[Site "Vancouver, WA"]
[Date "2015.08.22"]
[Round "1"]
[White "Zhang Gavin  (OR)"]
[Black "Pupols Viktors  (WA)"]
[Result "0-1"]
[WhiteElo "1787"]
[BlackElo "2204"]
[Annotator ""]
[Source ""]
[Remark "Open"]

1.e4 e5 2.Nf3 Nc6 3.d4 exd4 4.Nxd4 Qh4 5.Nc3 Bb4 6.Be2 Qxe4 7.Ndb5
Bxc3+ 8.bxc3 Kd8 9.O-O a6 10.Nd6 cxd6 11.Bf3 Qg6 12.Be3 Nge7
13.Bb6+ Ke8 14.Bc7 Ne5 15.Re1 h5 16.Be2 Rh6 17.Rb1 Kf8 18.Rb6
N7c6 19.f4 Ng4 20.Bd3 Qf6 21.Qe2 g6 22.Qe8+ Kg7 23.f5 Qxc3 24.h3
Nce5 25.Rf1 Qxc7 26.hxg4 Qxb6+ 27.Kh1 hxg4# 0-1

[Event "Vancouver Open"]
[Site "Vancouver, WA"]
[Date "2015.08.22"]
[Round "1"]
[White "Acken John  (WA)"]
[Black "Hansen James  (OR)"]
[Result "1-0"]
[WhiteElo "1762"]
[BlackElo "1490"]
[Annotator ""]
[Source ""]
[Remark "Reserve"]

1.e4 c5 2.Nc3 Nc6 3.g3 g6 4.Bg2 Bg7 5.d3 d6 6.Nce2 Nf6 7.c3 O-O
8.f4 e6 9.Nf3 Qc7 10.O-O a6 11.h3 b5 12.Be3 Nd7 13.g4 f5 14.Ng3
Bb7 15.Qd2 Ne7 16.Ng5 Rf6 17.d4 e5 18.d5 Nf8 19.exf5 gxf5 20.fxe5
dxe5 21.Nxf5 Nxf5 22.Rxf5 Rxf5 23.gxf5 Rd8 24.Rd1 e4 25.Qf2 Bxd5
26.Nxe4 Bxe4 27.Rxd8 Qxd8 28.Bxe4 Qd1+ 29.Kg2 c4 30.f6 Bh8 31.f7+
Kg7 32.Bd4+ 1-0

[Event "Vancouver Open"]
[Site "Vancouver, WA"]
[Date "2015.08.22"]
[Round "2"]
[White "Romero Henry  (OR)"]
[Black "Piper August  (WA)"]
[Result "1-0"]
[WhiteElo "1321"]
[BlackElo "1500"]
[Annotator ""]
[Source ""]
[Remark "Reserve"]

1.e4 c5 2.Nf3 d6 3.d4 cxd4 4.Nxd4 Nf6 5.Nc3 a6 6.Bc4 b5 7.Bb3
e6 8.Be3 Be7 9.f3 Qc7 10.Qd2 Bd7 11.O-O Nc6 12.Rad1 Na5 13.h3
O-O 14.f4 b4 15.Nce2 Nxe4 16.Qxb4 Nxb3 17.Nxb3 Bb5 18.Nbd4 Rab8
19.Nxb5 Rxb5 20.Qxe4 Rxb2 21.Nd4 Rxa2 22.Ra1 Qc4 23.Qc6 Qxc6
24.Nxc6 Rxa1 25.Nxe7+ Kh8 26.Rxa1 Rb8 27.Rxa6 g6 1-0

[Event "Vancouver Open"]
[Site "Vancouver, WA"]
[Date "2015.08.22"]
[Round "1"]
[White "Sinanan Joshua  (WA)"]
[Black "Murray David E  (OR)"]
[Result "1-0"]
[WhiteElo "2234"]
[BlackElo "1842"]
[Annotator ""]
[Source ""]
[Remark "Open"]

1.d4 d5 2.c4 e6 3.Nf3 Nf6 4.g3 Nbd7 5.Bg2 Be7 6.O-O O-O 7.Nbd2
c6 8.Qc2 b6 9.e4 dxe4 10.Nxe4 Bb7 11.Rd1 Nxe4 12.Qxe4 Nf6 13.Qe2
Rc8 14.a3 h6 15.b4 Re8 16.Bf4 Bf8 17.h3 Nh5 18.Be3 Qc7 19.Ne5
Nf6 20.Bf4 g5 21.Bc1 c5 22.dxc5 bxc5 23.b5 Bxg2 24.Kxg2 Bg7 25.Bb2
Red8 26.Nc6 Rxd1 27.Rxd1 Kf8 28.Be5 Qb7 29.Bd6+ Kg8 30.Qf3 Re8
31.Bxc5 a6 32.Rd8 Qc7 33.Z0 1-0

[Event "Vancouver Open"]
[Site "Vancouver, WA"]
[Date "2015.08.22"]
[Round "1"]
[White "Seitzer Phillip  (OR)"]
[Black "Nicoski Aaron  (WA)"]
[Result "1-0"]
[WhiteElo "2191"]
[BlackElo "1833"]
[Annotator ""]
[Source ""]
[Remark "Open"]

1.e4 d5 2.exd5 Qxd5 3.d4 Nf6 4.Nc3 Qd6 5.Nf3 c6 6.Ne5 Bf5 7.Bc4
e6 8.O-O h6 9.Bb3 Be7 10.Bf4 Qd8 11.Ne2 O-O 12.Ng3 Bh7 13.c4
Nbd7 14.Qe2 Nxe5 15.Bxe5 Bd6 16.Rad1 Qe7 17.f4 Nd7 18.Ne4 Nxe5
19.fxe5 Bc7 20.Bc2 Bg6 21.Bb1 Rad8 22.Qg4 Bxe4 23.Qxe4 f5 24.exf6
Rxf6 25.Qh7+ Kf8 26.Bg6 1-0

[Event "Vancouver Open"]
[Site "Vancouver, WA"]
[Date "2015.08.22"]
[Round "1"]
[White "Mayer Jacob  (MN)"]
[Black "Haining Kyle  (WA)"]
[Result "0-1"]
[WhiteElo "1739"]
[BlackElo "2155"]
[Annotator ""]
[Source ""]
[Remark "Open"]

1.e4 g6 2.Bc4 Bg7 3.f4 d6 4.Nf3 Nf6 5.Qe2 O-O 6.e5 dxe5 7.fxe5
Nd5 8.d4 Nb6 9.Bb3 Bg4 10.c3 c5 11.Nbd2 cxd4 12.cxd4 Nc6 13.Qe4
Bf5 14.Qh4 e6 15.Qf4 Nb4 16.O-O N6d5 17.Qg3 Ne3 18.a3 Nbc2 19.Bxc2
Nxc2 20.Ra2 Nxd4 21.Re1 Rc8 22.Qf2 Nxf3+ 23.Nxf3 Rc2 24.Qxa7
Qd5 25.Ra1 Bh3 26.Qe3 Rxg2+ 27.Kh1 Bxe5 28.Bd2 0-1

[Event "Vancouver Open"]
[Site "Vancouver, WA"]
[Date "2015.08.22"]
[Round "1"]
[White "Tien Andy  (WA)"]
[Black "Hasuike Mike  (OR)"]
[Result "0-1"]
[WhiteElo "1111"]
[BlackElo "1534"]
[Annotator ""]
[Source ""]
[Remark "Reserve"]

1.e4 Nf6 2.e5 Nd5 3.d4 d6 4.c4 Nb6 5.exd6 exd6 6.Nf3 Bg4 7.Be2
Be7 8.Nc3 O-O 9.O-O Re8 10.Qd3 N8d7 11.Bf4 Nf6 12.Rfe1 c6 13.h3
Bh5 14.Qf5 Bg6 15.Qa5 d5 16.cxd5 Nbxd5 17.Qxd8 Raxd8 18.Nxd5
Nxd5 19.Bg3 Bb4 20.Rec1 Rxe2 21.Ne5 Re8 22.f4 Be4 23.Bf2 Nxf4
24.Rc4 Ba5 25.b4 Bb6 26.Nd7 Nd3 27.Bh4 Rxg2+ 28.Kf1 Nf4 29.Re1
Bd3+ 30.Re2 Bxe2+ 31.Ke1 Bxc4+ 32.Kd1 Ree2 33.Nxb6 Rg1+ 34.Be1
Rgxe1# 0-1

[Event "Vancouver Open"]
[Site "Vancouver, WA"]
[Date "2015.08.23"]
[Round "4"]
[White "Pupols Viktors  (WA)"]
[Black "Cigan Jason  (OR)"]
[Result "0-1"]
[WhiteElo "2204"]
[BlackElo "2156"]
[Annotator ""]
[Source ""]
[Remark "Open"]

1.d4 Nf6 2.c4 g6 3.Nc3 d5 4.Bg5 Bg7 5.e3 c5 6.dxc5 Qa5 7.Qd2
dxc4 8.Bxc4 Qxc5 9.Bb5+ Nc6 10.Nf3 Bg4 11.Bf4 Rd8 12.Qc2 Bxf3
13.gxf3 Nd5 14.O-O-O Bxc3 15.Bxc6+ bxc6 16.Be5 Nb4 0-1

[Event "Vancouver Open"]
[Site "Vancouver, WA"]
[Date "2015.08.23"]
[Round "4"]
[White "Lee Nathan Y  (WA)"]
[Black "Mayer Jacob  (MN)"]
[Result "1-0"]
[WhiteElo "2162"]
[BlackElo "1739"]
[Annotator ""]
[Source ""]
[Remark "Open"]

1.e4 d5 2.exd5 Qxd5 3.Nc3 Qd6 4.Bc4 Nf6 5.d4 a6 6.Nf3 b5 7.Bd3
Bb7 8.Qe2 Nc6 9.Ne4 Nxe4 10.Bxe4 g6 11.O-O Bg7 12.c3 O-O 13.Re1
e6 14.g3 Na5 15.Bf4 Qb6 16.Rad1 Rad8 17.Be5 Nc4 18.Bxg7 Kxg7
19.Bxb7 Qxb7 20.b3 Nd6 21.Ne5 Nf5 22.Nd3 a5 23.Nc5 Qc6 24.Qe5+
Kg8 25.Ne4 f6 26.Nxf6+ Kf7 27.Nxh7 Kg8 1-0

[Event "Vancouver Open"]
[Site "Vancouver, WA"]
[Date "2015.08.22"]
[Round "3"]
[White "Mayer Jacob  (MN)"]
[Black "Gulamali Faris  (WA)"]
[Result "1-0"]
[WhiteElo "1739"]
[BlackElo "1933"]
[Annotator ""]
[Source ""]
[Remark "Open"]

1.e4 c5 2.Nf3 Nc6 3.d4 cxd4 4.Nxd4 g6 5.Bc4 Bg7 6.Be3 Nf6 7.Nc3
O-O 8.f3 Qb6 9.Bb3 Nxe4 10.Nd5 Qc5 11.Nxc6 1-0

[Event "Vancouver Open"]
[Site "Vancouver, WA"]
[Date "2015.08.22"]
[Round "1"]
[White "Nichols William  (WA)"]
[Black "Brown Nicholas  (OR)"]
[Result "0-1"]
[WhiteElo "831"]
[BlackElo "1461"]
[Annotator ""]
[Source ""]
[Remark "Reserve"]

1.g3 g6 2.Bg2 Bg7 3.d4 d6 4.e4 Nf6 5.Nc3 Nbd7 6.Nf3 O-O 7.O-O
e5 8.dxe5 dxe5 9.Bg5 h6 10.Bd2 c6 11.Qc1 Kh7 12.Rd1 Qe7 13.Rf1
Nc5 14.Nh4 a5 15.Be3 b5 16.a3 Ba6 17.Rd1 b4 18.axb4 axb4 19.Na4
Nxa4 20.Rxa4 Bb5 21.Ra1 Ng4 22.Bd2 Qc5 23.Be3 Nxe3 24.fxe3 Rxa1
25.Qxa1 Qxc2 26.Rd7 Qb3 27.Bf1 Qxe3+ 28.Kh1 Qxe4+ 29.Kg1 Qe3+
30.Kh1 Bxf1 31.Qxf1 e4 32.g4 Qg5 33.Qh3 Qc1+ 34.Kg2 Qxb2+ 35.Kg1
Bd4+ 36.Rxd4 Qxd4+ 37.Kg2 Ra8 38.Qg3 Ra2+ 39.Kf1 Ra1+ 40.Kg2
Rg1+ 41.Kh3 Rxg3+ 42.hxg3 0-1

[Event "Vancouver Open"]
[Site "Vancouver, WA"]
[Date "2015.08.22"]
[Round "1"]
[White "Dietz Arliss  (OR)"]
[Black "Szeto Sophie  (WA)"]
[Result "1-0"]
[WhiteElo "1505"]
[BlackElo "1023"]
[Annotator ""]
[Source ""]
[Remark "Reserve"]

1.e4 e5 2.Nf3 Nc6 3.d4 exd4 4.Nxd4 Bc5 5.Nc3 Bb6 6.Nb3 Nf6 7.Be2
d6 8.O-O h6 9.Kh1 O-O 10.f3 Re8 11.Na4 Bd7 12.Nxb6 axb6 13.a3
Ne5 14.Bf4 Ng6 15.Bg3 Nh5 16.Bf2 Nhf4 17.Re1 Qg5 18.Bf1 Bb5 19.Bg3
Bc6 20.Qd2 Rad8 21.Bxf4 Nxf4 22.g3 Ne6 23.Qxg5 Nxg5 24.Kg2 d5
25.h4 Ne6 26.e5 g5 27.hxg5 Nxg5 28.Nd4 Bd7 29.g4 Ne6 30.Nxe6
Bxe6 31.Bd3 Kg7 32.Kg3 f6 33.exf6+ Kxf6 34.Re2 Bd7 35.Rae1 Rxe2
36.Rxe2 Rg8 37.Rh2 Rh8 38.f4 Kg7 39.Rh5 d4 40.Rd5 Be6 41.Rxd4
Kf6 42.Be4 c6 43.a4 Rg8 44.f5 Bf7 45.Kf4 h5 46.gxh5 Bxh5 47.Rd6+
Ke7 48.Re6+ Kd7 49.Ke5 Bf7 50.Rd6+ Ke7 51.Rd4 c5 52.Rd6 b5 53.axb5
Rb8 54.Rb6 Be8 55.c4 Bd7 56.Rxb7 Rxb7 57.Bxb7 Be8 58.Be4 Bf7
59.Bd5 Bh5 60.f6+ Kf8 61.b6 Ke8 62.b7 Kd7 63.b8Q Bg6 64.Qd6+
Ke8 65.Qe7# 1-0

[Event "Vancouver Open"]
[Site "Vancouver, WA"]
[Date "2015.08.22"]
[Round "1"]
[White "Munsey Michael  (WA)"]
[Black "Yoshinaga David  (OR)"]
[Result "0-1"]
[WhiteElo "1404"]
[BlackElo "1700"]
[Annotator ""]
[Source ""]
[Remark "Reserve"]

1.d4 c5 2.Nf3 cxd4 3.Nxd4 e5 4.Nf3 Nc6 5.e4 Nf6 6.Bg5 Bc5 7.Qd2
Nxe4 8.Bxd8 Nxd2 9.Nbxd2 Nxd8 10.Nxe5 O-O 11.Be2 Re8 12.Nd3 d6
13.Nxc5 dxc5 14.Nb1 Nc6 15.Nc3 Nd4 16.Kd2 Bf5 17.Bd3 Rad8 18.Rae1
Be6 19.b3 b5 20.Kc1 a6 21.Ne2 Nc6 22.Nf4 Nb4 23.Kb1 Nxd3 24.Nxd3
c4 25.Nc5 cxb3 26.cxb3 Rd2 27.Nxe6 Rxe6 28.Rxe6 fxe6 29.Rf1 Kf7
30.g3 Kf6 31.h4 e5 32.f3 Kf5 33.Rc1 Rd3 34.Rf1 Rd2 35.Rc1 Rg2
36.g4+ Kf4 37.Rc7 Kxf3 38.g5 Rh2 39.Rxg7 Rxh4 40.g6 hxg6 41.Rxg6
e4 42.Rg1 e3 43.Kc1 Kf2 44.Rd1 e2 45.Rd2 Ke3 0-1

[Event "Vancouver Open"]
[Site "Vancouver, WA"]
[Date "2015.08.22"]
[Round "1"]
[White "NIchols Paul  (WA)"]
[Black "Probst Aaron  (WA)"]
[Result "0-1"]
[WhiteElo "719"]
[BlackElo "1451"]
[Annotator ""]
[Source ""]
[Remark "Reserve"]

1.e4 e5 2.Nf3 Nc6 3.g3 Bc5 4.Bg2 Nf6 5.O-O d6 6.d3 O-O 7.Nc3
Bg4 8.Bg5 h6 9.Bd2 Nd4 10.Ne2 Bxf3 11.Bxf3 Nxf3+ 12.Kg2 Nxd2
13.Qxd2 Qd7 14.f4 exf4 15.Nxf4 d5 16.b4 Bb6 17.Nxd5 Nxd5 18.exd5
Qxd5+ 19.Rf3 g5 20.h3 f5 21.Raf1 g4 22.Qxh6 gxf3+ 23.Rxf3 Qe5
24.Qd2 Rae8 25.d4 Bxd4 26.Kf1 Be3 27.Qe2 Qa1+ 28.Qe1 Qxe1+ 29.Kxe1
Bc5+ 30.Kf1 Bxb4 31.h4 Re5 32.Rb3 Be1 33.Rxb7 Bxg3 34.h5 f4 35.h6
f3 36.h7+ Kh8 37.Rb1 Rfe8 0-1

[Event "Vancouver Open"]
[Site "Vancouver, WA"]
[Date "2015.08.22"]
[Round "1"]
[White "Haining Breck  (WA)"]
[Black "Stump Karl  (WA)"]
[Result "0-1"]
[WhiteElo "1329"]
[BlackElo "1651"]
[Annotator ""]
[Source ""]
[Remark "Reserve"]

1.e4 c5 2.Nf3 d6 3.Nc3 Nc6 4.Bc4 Nf6 5.O-O g6 6.d3 Bg7 7.Rb1
O-O 8.Nd5 Nxd5 9.Bxd5 Bg4 10.Bxc6 bxc6 11.b3 e5 12.Bb2 Qf6 13.h3
Bxf3 14.Qxf3 Qxf3 15.gxf3 f5 16.f4 exf4 17.f3 Bd4+ 18.Bxd4 cxd4
19.Rbe1 Rae8 20.exf5 g5 21.Re6 Rxe6 22.fxe6 Kg7 23.Re1 Kf6 24.Re4
c5 25.h4 h6 26.hxg5+ hxg5 27.Kg2 Re8 28.Kh3 Rh8+ 29.Kg2 Re8 30.a3
Rxe6 31.b4 Rxe4 32.dxe4 c4 33.Kf2 Ke6 34.Ke2 Kd7 35.a4 a6 36.Kd2
Ke6 37.Ke2 d5 38.exd5+ Kxd5 39.Kd2 Ke5 40.Ke2 d3+ 41.cxd3 c3
42.b5 axb5 43.axb5 g4 44.b6 gxf3+ 45.Kf2 Kd6 46.b7 Kc7 47.b8Q+
Kxb8 48.Kxf3 c2 49.Kxf4 c1Q+ 50.Ke4 Kc7 51.Kd4 Kd6 52.Ke4 Qc6+
53.Kd4 Qd5+ 54.Kc3 Kc5 55.Kd2 Kd4 56.Kc2 Qb5 57.Kc1 Kc3 58.Kd1
Kxd3 59.Kc1 Qb8 60.Kd1 Qb1# 0-1

[Event "Vancouver Open"]
[Site "Vancouver, WA"]
[Date "2015.08.22"]
[Round "1"]
[White "Hisel David  (WA)"]
[Black "Mathews Daniel  (WA)"]
[Result "0-1"]
[WhiteElo "1381"]
[BlackElo "1680"]
[Annotator ""]
[Source ""]
[Remark "Reserve"]

1.e4 e5 2.Nf3 d6 3.d4 exd4 4.Nxd4 Nf6 5.Bg5 Be7 6.Nd2 O-O 7.Bd3
Nbd7 8.O-O Ne5 9.Be2 c5 10.Nb5 a6 11.Nc3 b5 12.Bxf6 Bxf6 13.Nd5
Bb7 14.Rb1 Bxd5 15.exd5 Ra7 16.Ne4 Re8 17.f4 Ng6 18.Nxf6+ Qxf6
19.g3 Rae7 20.Bf3 Re3 21.c3 c4 22.Qd2 Nf8 23.Rbe1 R3e7 24.Rxe7
Qxe7 25.Kf2 Nd7 26.Re1 Qxe1+ 27.Qxe1 Rxe1 28.Kxe1 Nc5 29.Be2
Na4 30.b3 cxb3 31.axb3 Nxc3 32.Bf3 Kf8 33.Kd2 b4 34.Kd3 Ke7 35.Kc4
a5 36.Kd4 Kf6 37.g4 h6 38.h4 Ke7 39.g5 hxg5 40.hxg5 a4 41.bxa4
Nxa4 42.Bd1 Nc5 43.Bc2 b3 44.Bb1 Nd7 45.Kc4 Nb6+ 46.Kd4 Kf8 47.Be4
Nd7 48.Bd3 g6 49.Kc3 Kg7 50.Bb1 f6 51.Kxb3 fxg5 52.fxg5 Ne5 53.Be4
Nf7 54.Kc3 Nxg5 55.Bg2 Kf6 56.Kd4 Kf5 57.Ke3 Ke5 58.Kd3 Nf7 59.Kc4
g5 60.Kb5 Nh6 61.Kc6 Nf5 62.Bf3 Nd4+ 0-1

[Event "Vancouver Open"]
[Site "Vancouver, WA"]
[Date "2015.08.22"]
[Round "1"]
[White "Chalfen Allen  (OR)"]
[Black "Schill William  (WA)"]
[Result "0-1"]
[WhiteElo "1839"]
[BlackElo "2281"]
[Annotator ""]
[Source ""]
[Remark "Open"]

1.Nf3 Nf6 2.c4 g6 3.Nc3 Bg7 4.d4 d6 5.g3 O-O 6.Bg2 Nbd7 7.O-O
e5 8.e4 c6 9.h3 Qb6 10.c5 dxc5 11.dxe5 Ne8 12.Qc2 Qc7 13.Bf4
Nxe5 14.Nxe5 Bxe5 15.Bxe5 Qxe5 16.f4 Qe7 17.e5 Bf5 18.Qf2 Rd8
19.Rfd1 Ng7 20.Kh2 h5 21.Bf3 Rd4 22.Rxd4 cxd4 23.Qxd4 Rd8 24.Qf2
Qb4 25.Rd1 Rxd1 26.Bxd1 Ne6 27.Qd2 Qd4 28.Qxd4 Nxd4 29.g4 hxg4
30.hxg4 Bd3 31.Kg3 Ne6 32.Bf3 g5 33.f5 Nc5 34.b4 Nd7 35.e6 fxe6
36.fxe6 Nf6 37.Be2 Bh7 38.Bf3 Bd3 39.a4 Kf8 40.b5 cxb5 41.axb5
b6 42.Be2 Bc2 43.Bc4 Ke7 44.Nd5+ Nxd5 45.Bxd5 Bd3 46.Bc6 Kxe6
47.Kf3 Ke5 48.Ke3 Bc4 49.Be8 Be6 50.Kf3 Kd4 0-1

[Event "Vancouver Open"]
[Site "Vancouver, WA"]
[Date "2015.08.22"]
[Round "1"]
[White "Lin Mu  (OR)"]
[Black "Nicoski Rick  (WA)"]
[Result "1-0"]
[WhiteElo "1650"]
[BlackElo "1341"]
[Annotator ""]
[Source ""]
[Remark "Reserve"]

1.e4 c6 2.d4 d5 3.Nd2 dxe4 4.Nxe4 Bf5 5.Ng3 Bg6 6.h4 h6 7.Nf3
Nd7 8.h5 Bh7 9.Bd3 Bxd3 10.Qxd3 Qc7 11.Be3 Ngf6 12.O-O e6 13.c4
Bd6 14.Ne4 Bf4 15.Bxf4 Qxf4 16.Ng3 O-O 17.Rfe1 Rfd8 18.Qe3 Qg4
19.Nh2 Qh4 20.Nf3 Qg4 21.Nh2 Qh4 22.Nf3 Qg4 23.Nh2 Qg5 24.Nf3
Qa5 25.Ne5 Qb4 26.a3 Qd6 27.Nf3 c5 28.Rad1 cxd4 29.Nxd4 Qc5 30.Rc1
Nxh5 31.b4 Qe7 32.Nxh5 Qh4 33.Ng3 Nf6 34.Nf3 Qg4 35.Ne5 Qh4 36.Rcd1
Ng4 37.Nxg4 Qxg4 38.Rxd8+ Rxd8 39.Qe4 Qg5 40.Qxb7 Rd4 41.c5 Qd2
42.Rf1 Rg4 43.c6 Qd4 44.c7 Rxg3 45.c8Q+ Kh7 46.Qc2+ f5 47.Qc5
Rxg2+ 48.Qxg2 Qf6 49.Qxa7 f4 50.Qe4+ 1-0

[Event "Vancouver Open"]
[Site "Vancouver, WA"]
[Date "2015.08.23"]
[Round "5"]
[White "Lin Mu  (OR)"]
[Black "Berger Brian  (OR)"]
[Result "1-0"]
[WhiteElo "1650"]
[BlackElo "1555"]
[Annotator ""]
[Source ""]
[Remark "Reserve"]

1.e4 c5 2.d4 cxd4 3.c3 dxc3 4.Nxc3 e6 5.Nf3 Bb4 6.Qd4 Bxc3+ 7.Qxc3
f6 8.Bc4 Nc6 9.O-O Nge7 10.Bf4 Qa5 11.Qe3 Qb6 12.Qe2 Nd4 13.Nxd4
Qxd4 14.Rfd1 Qb6 15.Rac1 O-O 16.Bc7 Qc6 17.Bb5 Qxc1 18.Rxc1 Nc6
19.Qe3 Kh8 20.Bd6 Re8 21.f4 a6 22.Bxc6 dxc6 23.e5 f5 24.a4 Rg8
25.a5 Bd7 26.Qb6 Bc8 27.Rc3 g5 28.fxg5 Rxg5 29.Qd8+ 1-0

[Event "Vancouver Open"]
[Site "Vancouver, WA"]
[Date "2015.08.23"]
[Round "5"]
[White "Hansen James  (OR)"]
[Black "Hendricks David  (WA)"]
[Result "0-1"]
[WhiteElo "1490"]
[BlackElo "1672"]
[Annotator ""]
[Source ""]
[Remark "Reserve"]

1.e4 c5 2.Nf3 Nc6 3.d4 cxd4 4.Nxd4 Nf6 5.Nc3 e5 6.Nf3 Bb4 7.Bc4
Nxe4 8.Bxf7+ Kf8 9.O-O Nxc3 10.bxc3 Bxc3 11.Ba3+ Kxf7 12.Qd5+
Ke8 13.Nxe5 Nxe5 14.f4 Qb6+ 15.Kh1 Qe6 16.Qc5 Bxa1 17.fxe5 d6
18.exd6 Bd7 19.Rxa1 Rf8 20.Qh5+ g6 21.Qh4 Qf6 22.Re1+ Kd8 23.Qc4
Rc8 24.Qe2 Re8 25.Qd2 Rxe1+ 26.Qxe1 Rxc2 27.h3 Rxa2 28.Qa5+ b6
29.Bb2 Qf1+ 30.Kh2 bxa5 0-1

[Event "Vancouver Open"]
[Site "Vancouver, WA"]
[Date "2015.08.23"]
[Round "5"]
[White "Mayer Jacob  (MN)"]
[Black "Hartley Alan  (OR)"]
[Result "1/2-1/2"]
[WhiteElo "1739"]
[BlackElo "1850"]
[Annotator ""]
[Source ""]
[Remark "Open"]

1.e4 e5 2.Nf3 Nc6 3.d4 exd4 4.Bc4 Nf6 5.e5 d5 6.Bb5 Ne4 7.Nxd4
Bd7 8.Bxc6 bxc6 9.O-O Bc5 10.f3 Ng5 11.f4 Ne4 12.c3 Qe7 13.Nd2
Nxd2 14.Bxd2 O-O 15.Kh1 f6 16.Re1 fxe5 17.fxe5 Bxd4 18.cxd4 Bf5
19.Rf1 c5 20.dxc5 Qxe5 21.Bf4 1/2-1/2

[Event "Vancouver Open"]
[Site "Vancouver, WA"]
[Date "2015.08.23"]
[Round "5"]
[White "Leslie Reg  (OR)"]
[Black "Varner Murlin  (WA)"]
[Result "0-1"]
[WhiteElo "1232"]
[BlackElo "1624"]
[Annotator ""]
[Source ""]
[Remark "Reserve"]

1.e4 c5 2.Nf3 Nc6 3.d4 cxd4 4.Nxd4 Nf6 5.Nc3 e6 6.Be3 Bb4 7.Nxc6
bxc6 8.Bd3 O-O 9.O-O d5 10.Bg5 Be7 11.e5 Nd7 12.Qh5 g6 13.Bxe7
Qxe7 14.Qe2 c5 15.b3 Bb7 16.Nb5 Nb6 17.Nd6 Nc8 18.Nxb7 Qxb7 19.c4
Ne7 20.Rfe1 Rad8 21.cxd5 Nxd5 22.Be4 Qc7 23.Bf3 Nf4 24.Qe4 Rd4
25.Qc6 Qe7 26.Re4 Rfd8 27.Rxd4 Rxd4 28.Rc1 Nd3 29.Rc2 Nxe5
( 29...Nb4 ) 30.Qxc5 Nxf3+ 31.gxf3 Rd1+ 32.Kg2 Qf6 33.Rc1 Rd5
34.Qc3 Rg5+ 35.Kh1 Qf4 36.Qc8+ Kg7 37.Qc3+ Kh6 38.Rg1 Rh5 39.Qe3
{??} ( 39.Rg3 ) Rxh2# 0-1

[Event "Vancouver Open"]
[Site "Vancouver, WA"]
[Date "2015.08.23"]
[Round "4"]
[White "Davis Frederick  (WA)"]
[Black "Moore Michael  (OR)"]
[Result "1-0"]
[WhiteElo "1840"]
[BlackElo "1568"]
[Annotator ""]
[Source ""]
[Remark "Open"]

1.e4 d6 2.d4 Nf6 3.Nc3 g6 4.Be2 Bg7 5.h3 O-O 6.Nf3 c6 7.a4 Nbd7
8.O-O Qc7 9.Be3 e5 10.d5 b6 11.dxc6 Qxc6 12.Bb5 Qc7 13.Be2 Bb7
14.Nb5 Qb8 15.Nxd6 Rd8 16.Ng5 Nc5 17.Ngxf7 Rd7 18.Bb5 Rxf7 19.Bc4
Qxd6 20.Bxf7+ Kxf7 21.Qxd6 Nfxe4 22.Qc7+ Kf8 23.f3 Ng3 24.Bxc5+ 1-0